| 000 | 00614nam a22001577a 4500 | ||
|---|---|---|---|
| 003 | OSt | ||
| 005 | 20151001085733.0 | ||
| 008 | 151001b xxu||||| |||| 00| 0 eng d | ||
| 040 | _cRUA | ||
| 082 | _aAVM ស្រី ១៩៩៣ B067 Or.1 | ||
| 100 |
_91639 _aស្រី អូន |
||
| 245 | _aរចនាសម្ព័ន្ធ និង ដំណើរការបច្ចេកទេសសេដ្ឋកិច្ចសត្តឃាតដ្ឋានរាជធានីភ្នំពេញុ, | ||
| 260 |
_a phnom penh _bRUA _c1993 |
||
| 300 |
_a95p. _bill. _c29cm. |
||
| 942 |
_2ddc _cAVM |
||
| 999 |
_c1548 _d1548 |
||